<?xml version="1.0" encoding="UTF-8"?>
<collection xmlns="http://www.loc.gov/MARC21/slim">
 <record>
  <leader>03454nam a2200337 a 4500</leader>
  <controlfield tag="001">1/45350</controlfield>
  <controlfield tag="008">140826s2001    ne            001 0 eng  </controlfield>
  <datafield tag="020" ind1=" " ind2=" ">
   <subfield code="a">9780080529424 (electronic bk.)</subfield>
  </datafield>
  <datafield tag="020" ind1=" " ind2=" ">
   <subfield code="a">0080529429 (electronic bk.)</subfield>
  </datafield>
  <datafield tag="020" ind1=" " ind2=" ">
   <subfield code="a">9780080426792</subfield>
  </datafield>
  <datafield tag="020" ind1=" " ind2=" ">
   <subfield code="a">0080426794</subfield>
  </datafield>
  <datafield tag="035" ind1=" " ind2=" ">
   <subfield code="l">48310</subfield>
  </datafield>
  <datafield tag="040" ind1=" " ind2=" ">
   <subfield code="a">CSL</subfield>
   <subfield code="b">eng</subfield>
   <subfield code="c">CSL</subfield>
   <subfield code="d">OCLCQ</subfield>
   <subfield code="d">CO3</subfield>
   <subfield code="d">OCLCQ</subfield>
   <subfield code="d">N$T</subfield>
   <subfield code="d">YDXCP</subfield>
   <subfield code="d">UWW</subfield>
   <subfield code="d">ZCU</subfield>
   <subfield code="d">OCLCE</subfield>
   <subfield code="d">IDEBK</subfield>
   <subfield code="d">OCLCQ</subfield>
   <subfield code="d">MERUC</subfield>
   <subfield code="d">CCO</subfield>
   <subfield code="d">E7B</subfield>
   <subfield code="d">DKDLA</subfield>
   <subfield code="d">OCLCQ</subfield>
   <subfield code="d">OPELS</subfield>
   <subfield code="d">TEF</subfield>
   <subfield code="d">FVL</subfield>
   <subfield code="d">OCLCQ</subfield>
   <subfield code="d">OCLCO</subfield>
   <subfield code="d">OCLCQ</subfield>
   <subfield code="d">OCLCF</subfield>
   <subfield code="d">GR-PeUP</subfield>
  </datafield>
  <datafield tag="100" ind1="1" ind2=" ">
   <subfield code="a">Cahn, R. W.</subfield>
   <subfield code="q">(Robert W.),</subfield>
   <subfield code="d">1924-2007.</subfield>
  </datafield>
  <datafield tag="245" ind1="1" ind2="4">
   <subfield code="a">The coming of materials science</subfield>
   <subfield code="h">[electronic resource] /</subfield>
   <subfield code="c">by Robert W. Cahn.</subfield>
  </datafield>
  <datafield tag="250" ind1=" " ind2=" ">
   <subfield code="a">1st ed.</subfield>
  </datafield>
  <datafield tag="260" ind1=" " ind2=" ">
   <subfield code="a">Amsterdam :</subfield>
   <subfield code="b">New York :</subfield>
   <subfield code="b">Pergamon,</subfield>
   <subfield code="c">2001.</subfield>
  </datafield>
  <datafield tag="300" ind1=" " ind2=" ">
   <subfield code="a">1 online resource (xvii, 568 p.) :</subfield>
   <subfield code="b">ill.</subfield>
  </datafield>
  <datafield tag="490" ind1="1" ind2=" ">
   <subfield code="a">Pergamon materials series ;</subfield>
   <subfield code="v">v. 5</subfield>
  </datafield>
  <datafield tag="504" ind1=" " ind2=" ">
   <subfield code="a">Includes bibliographical references and indexes.</subfield>
  </datafield>
  <datafield tag="505" ind1="0" ind2=" ">
   <subfield code="a">Preface -- Preface to second printing -- Introduction -- The emergence of disciplines -- Precursors of materials science -- The virtues of subsidiarity -- The escape from handwaving -- Characterisation -- Functional materials -- The polymer revolution -- Craft turned into science -- Materials in extreme states -- Materials chemistry and biomimetics -- Computer simulation -- The management of data -- The institutions and literature of materials science -- Epilogue.</subfield>
  </datafield>
  <datafield tag="520" ind1=" " ind2=" ">
   <subfield code="a">The Coming of Materials Science both covers the discipline of materials science, and draws an impressionistic map of the present state of the subject. The first chapter examines the emergence of the materials science concept, in both academe and industry. The second and third chapters delve back into the prehistory of materials science, examining the growth of such concepts as atoms, crystals and thermodynamics, and also examine the evolution of a number of neighbouring disciplines, to see what helpful parallels might emerge. The book contains numerous literature references. Many refer to the earliest key papers and books, while others are to sources, often books, offering a view of the present state of a topic. Early references are to the past but as the book continues, it brings the reader up to date with more recent sources. The author, Professor Robert Cahn FRS, has striven to be critical about the history of the discipline of materials science and to draw general conclusions about scientific practice from what he has discovered about the evolution of materials science. Further issues that the book highlights include: What is a scientific discipline? How do disciplines merge and differentiate? Can a discipline also be interdisciplinary? Is materials science a real discipline? A large range of themes is presented in the book and readers are invited to interact with the author if they reach alternative conclusions. This book is not just for reading and reference, but exists to stimulate thought and provoke discussion as well.</subfield>
  </datafield>
  <datafield tag="650" ind1=" " ind2="4">
   <subfield code="a">Materials science.</subfield>
  </datafield>
  <datafield tag="655" ind1=" " ind2="4">
   <subfield code="a">Electronic books.</subfield>
  </datafield>
  <datafield tag="830" ind1=" " ind2="0">
   <subfield code="a">Pergamon materials series ;</subfield>
   <subfield code="v">v. 5.</subfield>
  </datafield>
  <datafield tag="852" ind1=" " ind2=" ">
   <subfield code="a">INST</subfield>
   <subfield code="b">UNIPILB</subfield>
   <subfield code="c">EBOOKS</subfield>
   <subfield code="e">20140826</subfield>
   <subfield code="p">00b48310</subfield>
   <subfield code="q">00b48310</subfield>
   <subfield code="t">ONLINE</subfield>
   <subfield code="y">0</subfield>
  </datafield>
  <datafield tag="856" ind1="4" ind2="0">
   <subfield code="3">ScienceDirect</subfield>
   <subfield code="u">http://www.sciencedirect.com/science/book/9780080426792</subfield>
  </datafield>
  <datafield tag="856" ind1="4" ind2=" ">
   <subfield code="d">/webopac/covers/03/48310_9780080529424.jpg</subfield>
   <subfield code="z">(electronic bk.)</subfield>
  </datafield>
  <datafield tag="856" ind1="4" ind2=" ">
   <subfield code="d">/webopac/covers/03/48310_0080529429.jpg</subfield>
   <subfield code="z">(electronic bk.)</subfield>
  </datafield>
  <datafield tag="856" ind1="4" ind2=" ">
   <subfield code="d">/webopac/covers/03/48310_9780080426792.jpg</subfield>
  </datafield>
  <datafield tag="856" ind1="4" ind2=" ">
   <subfield code="d">/webopac/covers/03/48310_0080426794.jpg</subfield>
  </datafield>
 </record>
</collection>
